5 plus grands pays par continent - QCM - Statistiques

Statistiques générales
  • Ce quiz a été pris 145 fois
  • Le résultat moyen est 46 sur 60
Statistiques - réponses
Question Tuile Select % Correct
les cinq plus grands pays d'Europe Italie Non
99%
les cinq plus grands pays d'Asie Birmanie Non
95%
les cinq plus grands pays d'Europe Russie Oui
95%
les cinq plus grands pays d'Océanie Australie Oui
94%
les cinq plus grands pays d'Amérique Bolivie Non
94%
les cinq plus grands pays d'Amérique Brésil Oui
94%
les cinq plus grands pays d'Asie Chine Oui
94%
les cinq plus grands pays d'Océanie Nouvelle-Zélande Oui
94%
les cinq plus grands pays d'Amérique Paraguay Non
94%
les cinq plus grands pays d'Asie Thaïlande Non
94%
les cinq plus grands pays d'Amérique Equateur Non
93%
les cinq plus grands pays d'Océanie Palaos Non
93%
les cinq plus grands pays d'Europe Ukraine Oui
93%
les cinq plus grands pays d'Afrique Algérie Oui
92%
les cinq plus grands pays d'Amérique Canada Oui
92%
les cinq plus grands pays d'Amérique Etats-Unis Oui
92%
les cinq plus grands pays d'Amérique Venezuela Non
91%
les cinq plus grands pays d'Asie Afghanistan Non
90%
les cinq plus grands pays d'Océanie Papouasie-Nouvelle-Guinée Oui
90%
les cinq plus grands pays d'Amérique Pérou Non
90%
les cinq plus grands pays d'Europe Royaume-Uni Non
90%
les cinq plus grands pays d'Amérique Argentine Oui
89%
les cinq plus grands pays d'Amérique Chili Non
89%
les cinq plus grands pays d'Europe Finlande Non
89%
les cinq plus grands pays d'Afrique République Démocratique du Congo Oui
88%
les cinq plus grands pays d'Afrique Mauritanie Non
86%
les cinq plus grands pays d'Océanie Vanuatu Non
86%
les cinq plus grands pays d'Amérique Colombie Non
84%
les cinq plus grands pays d'Asie Inde Oui
83%
les cinq plus grands pays d'Europe Roumanie Non
83%
les cinq plus grands pays d'Océanie Tonga Non
83%
les cinq plus grands pays d'Asie Kazakhstan Oui
82%
les cinq plus grands pays d'Afrique Angola Non
81%
les cinq plus grands pays d'Asie Pakistan Non
81%
les cinq plus grands pays d'Amérique Mexique Oui
80%
les cinq plus grands pays d'Asie Turquie Non
80%
les cinq plus grands pays d'Afrique Niger Non
79%
les cinq plus grands pays d'Océanie Iles Marshall Non
78%
les cinq plus grands pays d'Afrique Mali Non
78%
les cinq plus grands pays d'Océanie Samoa Non
76%
les cinq plus grands pays d'Afrique Ethiopie Non
73%
les cinq plus grands pays d'Europe France Oui
73%
les cinq plus grands pays d'Europe Espagne Non
71%
les cinq plus grands pays d'Océanie Kiribati Non
71%
les cinq plus grands pays d'Europe Pologne Non
68%
les cinq plus grands pays d'Océanie Micronésie Non
65%
les cinq plus grands pays d'Asie Iran Non
61%
les cinq plus grands pays d'Afrique Egypte Non
60%
les cinq plus grands pays d'Afrique Soudan Oui
60%
les cinq plus grands pays d'Afrique Afrique du Sud Non
57%
les cinq plus grands pays d'Asie Arabie Saoudite Oui
54%
les cinq plus grands pays d'Océanie Fidji Oui
52%
les cinq plus grands pays d'Asie Mongolie Non
51%
les cinq plus grands pays d'Afrique Libye Oui
48%
les cinq plus grands pays d'Asie Indonésie Oui
45%
les cinq plus grands pays d'Europe Suède Oui
42%
les cinq plus grands pays d'Europe Allemagne Non
39%
les cinq plus grands pays d'Océanie Iles Salomon Oui
30%
les cinq plus grands pays d'Afrique Tchad Oui
30%
les cinq plus grands pays d'Europe Norvège Oui
26%
Aucun quiz correspondant
Distribution des résultats
% des personnes avec chaque résultat
Percentile par nombre de réponses
Votre historique - résultats
Vous n’avez pas pris ce quiz